000 00764nam a2200229 i 4500
001 185404
003 SpMaBN
005 20250604062635.0
008 160531s1993 sp aco |||| |bspa d
020 _a84-7030-348-1
080 _a929 Alfonso (460) XIII
080 _a94(460)"1902/31"
100 1 _aVaca de Osma, José Antonio.
_9112360
245 1 0 _aAlfonso XIII, el rey paradoja /
_cJosé Antonio Vaca de Osma.
260 _aMadrid :
_bBiblioteca Nueva,
_c1993.
300 _a362 p. :
_bil., retr. ;
_c24 cm.
500 _aÍndice onomástico.
600 0 4 _aAlfonso
_bXIII,
_cRey de España
_9235132
651 4 _aEspaña-
_xHistoria-
_y1902-1931, Alfonso XIII
_98276
852 _aES-MaACL
_jL-30296
_z. - Donat. Carmen Zumárraga
999 _c185404
_d185404